| 000 | 00777nam a22002297i 4500 | ||
|---|---|---|---|
| 999 |
_c22707 _d22707 |
||
| 003 | AR-CdUCM | ||
| 008 | 231004b2021 pe fr|||| 000 p|spa d | ||
| 040 |
_aMUNICIPALIDAD PROVINCIAL DEL CUSCO _cBIBLIOTECA MUNICIPAL DEL CUSCO |
||
| 041 | _hspa | ||
| 082 |
_a869.57 / A13L _bA13L |
||
| 100 |
_aDiaz Pfuyo, Gerber Marcial _948917 |
||
| 245 |
_aLuna de Maldonado : _bPoemas / _cDíaz Pfuyo, Gerber Marcial |
||
| 260 |
_aCusco : _bDANNY`S GRAFF, _c2021. |
||
| 300 |
_a64 páginas. : _c21 cm. |
||
| 505 | _aLuna de Maldonado -- Flor incauta -- El amante de los libros -- El paraíso en verano | ||
| 650 |
_aPoemas _948918 |
||
| 650 |
_aDedicatorias _948919 |
||
| 650 |
_aRecuerdos _916103 |
||
| 650 |
_aLuna dorada _948920 |
||
| 942 |
_2ddc _cLIBROS |
||
| 945 |
_apebm _d2023-10-04 |
||